Statistics for Management/ (Record no. 211843)

MARC details
000 -LEADER
fixed length control field 00564nam a2200181 4500
005 - DATE AND TIME OF LATEST TRANSACTION
control field 20250617104814.0
010 ## - LCCN (DPL NO)
LC control number ENG-145411
020 ## - INTERNATIONAL STANDARD BOOK NUMBER
International Standard Book Number 9789361631559
Terms of availability 650.00
035 ## - SYSTEM CONTROL NUMBER
System control number EN-128943
037 ## - SOURCE OF ACQUISITION
Source of stock number/acquisition DBAD
082 ## - DEWEY DECIMAL CLASSIFICATION NUMBER
Classification number 519.5024658
Edition number 1
100 ## - MAIN ENTRY--PERSONAL NAME
Personal name Balasenthil, R.S.
245 ## - TITLE STATEMENT
Title Statistics for Management/
Statement of responsibility, etc Balasenthil, R.S.
260 ## - PUBLICATION, DISTRIBUTION, ETC. (IMPRINT)
Place of publication, distribution, etc Madurai
Name of publisher, distributor, etc Shanlax Publications
Date of publication, distribution, etc 2024
270 ## - ADDRESS
Address 61,66 Vasantha Nagar
City Madurai
Postal code 625003
Electronic mail address shanlaxpublications@gmail.com
300 ## - PHYSICAL DESCRIPTION
Extent vpp.
Dimensions 29cm(Pb)
942 ## - ADDED ENTRY ELEMENTS (KOHA)
Source of classification or shelving scheme Dewey Decimal Classification
Item type English Books
Classification part 519.5024658
Call number suffix BAL
Holdings
Withdrawn status Lost status Not for loan Collection code Home library Current library Date acquired Source of acquisition Cost, normal purchase price Full call number Barcode Copy number Cost, replacement price Koha item type
      Non-fiction Patel Nagar Patel Nagar 17/06/2025 Delivery of Books Act Division 650.00 519.5024658 BAL EN-128943 1 650.00 English Books

© Delhi Public Library
Hit Counter
free hit counter